Talking history (Record no. 25858)

MARC details
000 -LEADER
fixed length control field 00450nam a2200169Ia 4500
008 - FIXED-LENGTH DATA ELEMENTS--GENERAL INFORMATION
fixed length control field 230917s9999||||xx |||||||||||||| ||und||
020 ## - ISBN
Price RS795
040 ## - CATALOGING SOURCE
-- 245551
Original cataloging agency VIVEKANANDA LIBRARY
041 ## - Language
-- English
082 ## - DDC NUMBER
Classification number 954.007202 T329T
100 ## - MAIN ENTRY--PERSONAL NAME
Personal name Thapar, Romila
245 #0 - TITLE STATEMENT
Title Talking history
260 ## - PUBLICATION, DISTRIBUTION, ETC. (IMPRINT)
Place of publication, distribution, etc New Delhi
Name of publisher, distributor, etc Oxford University Press
Date of publication, distribution, etc 2017
300 ## - PHYSICAL DESCRIPTION
Pages xiii, 340 p.
500 ## - GENERAL NOTE
General note 3036 01/02/2018 HBD18/7279 27/02/2018 Main Budget
942 ## - ADDED ENTRY ELEMENTS (KOHA)
Koha item type Books
Holdings
Withdrawn status Lost status Damaged status Not for loan Location (home branch) Sublocation or collection (holding branch) Date acquired Koha issues (times borrowed) Koha full call number Accession No. Koha date last seen Koha item type
        VIVEKANANDA LIBRARY VIVEKANANDA LIBRARY 26/04/2018   954.007202 T329T 372062 17/09/2023 Books
© Designed and Maintained by Vivekananda Library, MDU Rohtak